LIBRARY & INFORMATION CENTRE, KCAET, TAVANUR

ONLINE PUBLIC ACCESS CATALOGUE (OPAC)

Thapthaniswasangal / | തപ്തനിശ്വാസങ്ങള്‍ (Record no. 19493)

MARC details
000 -LEADER
fixed length control field 00415nam a2200145 4500
003 - CONTROL NUMBER IDENTIFIER
control field OSt
008 - FIXED-LENGTH DATA ELEMENTS--GENERAL INFORMATION
fixed length control field 250902b |||||||| |||| 00| 0 eng d
041 ## - LANGUAGE CODE
Language code of text/sound track or separate title eng
082 ## - DEWEY DECIMAL CLASSIFICATION NUMBER
Classification number 894.8121
Item number RAM/TH
100 ## - MAIN ENTRY--AUTHOR NAME
Personal name Ramachandran Pillai, G
245 ## - TITLE STATEMENT
Title Thapthaniswasangal /
Remainder of title തപ്തനിശ്വാസങ്ങള്‍
260 ## - PUBLICATION, DISTRIBUTION, ETC. (IMPRINT)
Place of publication Thiruvananthapuram :
Name of publisher Evergreen Books,
Year of publication 2018.
300 ## - PHYSICAL DESCRIPTION
Number of Pages 66 p.
942 ## - ADDED ENTRY ELEMENTS (KOHA)
Koha item type Books
Holdings
Withdrawn status Lost status Damaged status Home library Current library Date acquired Source of acquisition Cost, normal purchase price Full call number Accession Number Koha item type
      KAUAET KAUAET 02/09/2025 Donated by KT Jaleel MLA 70.00 894.8121 RAM/TH 26322 Books
free website counter